Zařízení pro dopravu a uskladnění tekutin

Main Author: Veličková, Eva
Language: Czech
Published: Ostrava : Sdružení požárního a bezpečnostního inženýrství, 2011
Physical Description: 1 CD-ROM
Book
Saved in:
LEADER 01273nam a2200349 a 4500
001 001213162
003 CZ BrMZK
005 20120613081119.0
006 m||||||||d||||||||
007 co^cg
008 120516s2011 xr e 00| 0 cze
015 |a cnb002362822 
020 |a 978-80-7385-101-9  |q (CDR) 
040 |a BOA001  |b cze 
072 7 |a 621  |x Strojírenství  |2 Konspekt  |9 19 
072 7 |a 37.016  |x Učební osnovy. Vyučovací předměty. Učebnice  |2 Konspekt  |9 22 
080 |a 621.867.7  |2 MRF 
080 |a (07)  |2 MRF 
080 |a (0.034.44)  |2 MRF 
100 1 |a Veličková, Eva  |7 ola2010578734  |4 aut 
245 1 0 |a Zařízení pro dopravu a uskladnění tekutin  |h [elektronický zdroj] /  |c Eva Veličková 
260 |a Ostrava :  |b Sdružení požárního a bezpečnostního inženýrství,  |c 2011 
300 |a 1 CD-ROM 
500 |a Název z titulní obrazovky 
538 |a Požadavky na systém: Adobe Acrobat Reader 
650 0 7 |a hydraulická doprava  |7 ph120960  |2 czenas 
655 7 |a učební texty  |7 fd133599  |2 czenas 
655 7 |a CD-ROM  |7 fd133955  |2 czenas 
910 |a BOA001  |b CDR-1285.842 
990 |a BK 
991 |b 201206  |c NOV  |e n 
996 3 |b 2610510682  |c CDR-1285.842  |l Stud. periodik/2.patro  |r Sklad / do 1 hodiny  |n 0  |p p.v.  |w 001247683  |u 000010  |a 1  |e BOA001  |j MZK50  |s N